[Event "Rohde op 07th"]
[Site "Sautron"]
[Date "2007.11.02"]
[Round "8"]
[White "Edouard, Romain"]
[Black "Bruned, Yvalin"]
[Result "1-0"]
[WhiteElo "2472"]
[BlackElo "2355"]
[Annotator "RR"]
[PlyCount "83"]
[EventDate "2007.10.27"]
[EventType "swiss"]
[EventRounds "9"]
[EventCountry "FRA"]
[SourceTitle "EXT 2008"]
[Source "ChessBase"]
[SourceDate "2007.11.25"]
[SourceVersion "1"]
[SourceVersionDate "2007.11.25"]
[SourceQuality "1"]

1. e4 c5 2. Nc3 Nc6 3. Nf3 e6 4. d4 cxd4 5. Nxd4 Qc7 6. Be3 a6 7. Qd2 {[%cal
Gf2f3,Gg2g4,Ge1c1] Préparant l'attaque anglaise} Nf6 ({RR} 7... b5 8. Nxc6 Qxc6
9. f3 Bb7 10. O-O-O Ne7 11. Kb1 Ng6 12. h4 b4 13. Ne2 Ne5 14. Nf4 Rc8 15. Bd4
f6 16. Nh5 Qd6 17. Qe1 Qc7 18. Rd2) 8. O-O-O Bb4 $1 ({RR} 8... b5 9. Bf4 Qb6
10. e5 Nxd4 ({RR} 10... Qxd4) 11. exf6 Nc6 12. Ne4 d5 13. Nd6+ Kd7 14. Nxf7) (
8... Ng4 $6 9. Bf4 Nge5 10. Bg3 $14 {[%cal Gg3c7]}) 9. f3 b5 ({RR} 9... Ne7 10.
Nde2 b5 ({RR} 10... d5 11. Bg5 ({RR} 11. a3 Ba5 12. Bg5 dxe4 13. Bxf6 gxf6 14.
Qh6 f5 15. Qf6 ({RR} 15. fxe4 Qe5 16. Qh5 Bd7 17. g4 Bxc3 18. Nxc3 Qf4+ 19. Kb1
Qxg4 20. Qh6 O-O-O 21. Bxa6) 15... Ng6 16. fxe4 f4 17. g3 Bd7 18. gxf4 Bxc3 19.
bxc3 Qd8 20. Qxd8+ Rxd8 21. Rg1 Ke7 22. Rg3 Rc8) 11... dxe4 12. Bxf6 gxf6 13.
Qd4 exf3 14. Qxb4 fxe2 15. Bxe2 f5 16. Rd6 ({RR} 16. Bb5+ axb5 17. Nxb5) 16...
Bd7 17. Rhd1 Bc6 18. Qd4 O-O ({RR} 18... Rg8 19. g3) 19. g4 fxg4 20. Qxg4+ Ng6
21. h4) 11. Kb1 Ba5 ({RR} 11... O-O 12. Nxb5) 12. Qd4 Nc6 13. Qc5 Bb4 14. Qg5
O-O 15. Qg3 Ne5 ({RR} 15... Qxg3 16. hxg3) 16. h4 ({RR} 16. Bd4 d6 17. f4 Ned7
18. e5 Ne8 19. Qe3 ({RR} 19. Ne4 dxe5 20. fxe5 Bb7 21. Nd6 Bxd6 22. exd6 Qxd6
23. Qxd6 Nxd6 24. Bc3 Bd5 25. Bb4 Ne4 26. Bxf8 Nf2)) 16... Bb7 17. h5 Ne8 18.
a3 Bd6 19. Bf4 f6 20. Na2 Rc8 21. Nec3 Bc6 ({RR} 21... Nf7 22. Bxd6 Nexd6) 22.
Be2 a5 23. h6 g6 24. Rxd6 {Topalov,V (2778)-Polgar,J (2732)/Sofia 2005/CBM 107/
[Ribli]/1/2-1/2 (68)}) ({RR} 9... d5 10. a3 Bxc3 11. Qxc3 dxe4 12. fxe4 Nxe4
13. Qd3 f5 14. Qc4 e5 15. Nxc6 Qxc6 16. Rd5 Qe6 17. Ra5 Nd6 18. Qc3) ({RR} 9...
Ne5 10. Nb3 b5 ({RR} 10... d5 11. Bd4 O-O 12. Kb1 dxe4 13. Qf4 Bd6 14. Nxe4
Nxe4 15. Qxe4 Nc6 16. Bc3 Bd7 17. g4 Rfe8 18. Bd3 g6 19. Rhe1) 11. Kb1 Nc4 ({RR
} 11... Be7 12. Qf2 d6 13. Bb6 Qb8 14. Bd4 Nc6 15. Be3 Nd7 16. g4 O-O 17. g5 b4
18. Na4 Nce5 19. Rg1 Bb7 20. Na5 Rc8 21. b3) 12. Bxc4 bxc4 13. Nc1 Qb7 14. N1e2
O-O 15. Qd4 Rb8 16. Bc1) ({RR} 9... Na5 10. Nb3 d5 11. Bf4 ({RR} 11. Kb1 Nxb3
12. axb3 dxe4 13. Nb5 Qe7 14. Nc7+ Qxc7 15. Qxb4 Nd5 16. Qxe4 Nxe3 17. Qxe3 Bd7
18. Qd4 e5 19. Qb4 O-O-O) 11... Nxb3+ 12. cxb3 Qa5 13. e5 Nd7 14. a3 Be7 15.
Kb1 b5 16. b4 Qd8 17. Ne2 Nb6 18. Nd4 Bd7 19. b3 O-O 20. Ka2 Qb8 21. Rc1 Qa7
22. Be3 Rac8) 10. Bf4 Ne5 11. Nc6 ({RR} 11. Kb1 Be7 ({RR} 11... O-O 12. Ncxb5
Qa5 ({RR} 12... Bxd2 13. Nxc7 Bxf4 14. Nxa8) 13. Nc3) ({RR} 11... Bxc3 12. Bxe5
({RR} 12. Qxc3 Qxc3 13. bxc3 d6 14. Bxe5 dxe5 15. Nc6 Bb7 ({RR} 15... Nd7) 16.
Nxe5 Rc8) 12... Bxd2 ({RR} 12... Qxe5 13. Qxc3 O-O 14. Nxb5) 13. Bxc7) 12.
Ndxb5 ({RR} 12. Bxe5 Qxe5 13. f4 Qc7 14. e5 b4) 12... axb5 13. Nxb5 Qb8 ({RR} 
13... Qc5 14. b4) 14. Qc3 d6 15. Bxe5 dxe5 16. Nc7+ Kf8 17. Nxa8 Qxa8 18. Qxe5
h5 19. Bb5 Qb7 ({RR} 19... h4 20. Qc7 Bb7 21. Rd4 Rh5 22. Rhd1 Rxb5 23. Rd8+
Bxd8 24. Rxd8+ Qxd8 25. Qxd8+ Ne8 26. Qxh4) 20. Rd3 h4 21. Rhd1 Kg8 ({RR} 21...
Rh5 22. Rd8+ Bxd8 23. Rxd8+) 22. a4 ({RR} 22. Rc3 Rh5 23. Qc7) 22... Rh5 23.
Qd4 e5 ({RR} 23... Rc5 24. Rc3 Rxc3 25. Qxc3) ({RR} 23... Bc5 24. Qc3) 24. Qc3
Be6 25. Bc4 Qa7 {Vuckovic,B (2506)-Miladinovic,I (2607)/Pancevo 2006/CBM 112/
[Ribli]/1-0 (33)} ({RR} 25... Bxc4 26. Qxc4 Rg5 27. Rb3 Qa7 28. Qc8+ Bf8 29.
Rb7) ({RR} 25... Bd7 26. Qb3 Qxb3 27. Bxb3)) 11... Bxc3 ({RR} 11... Nd3+ 12.
cxd3 Qxc6 13. Kb1 Bxc3 {Vallejo Pons,F (2630)-Miladinovic,I (2495) EU-chT (Men)
2001 (4.2) 1-0} ({RR} 13... O-O 14. Rc1 Qb7 15. Qf2 ({RR} 15. d4 d5 16. e5)
15... Be7 16. d4) 14. Qxc3 Qxc3 15. bxc3 d5 16. Be5 Bb7 17. c4 bxc4 18. exd5
Nxd5 19. dxc4 Ne3) ({RR} 11... Qxc6 12. Bxe5 Bb7 13. Qg5 Rc8 14. Qxg7 Rg8 15.
Qh6 Bxc3 16. bxc3) 12. bxc3 $146 {Une nouveauté suggérée par RIBLI dans une
partie commentée jouée par VALLEJO PONS} ({RR} 12. Qxc3 Qxc6 ({RR} 12... Nd3+
13. Qxd3 ({RR} 13. cxd3 Qxf4+ 14. Kb1 Qc7 15. Na5 Qxc3 16. bxc3 d6 17. Kc2 Bd7
18. Kd2 Ke7 {RR} 19. Rb1 Rhc8 20. Be2 Be8 21. Rhc1 Nd7 22. d4 g5 23. g3 e5 24.
f4 f6 25. fxg5 fxg5 26. h4 Nf6 27. Ke3 Bg6 28. Bf3 g4 29. Bg2 Rc7 30. d5 Nxd5+
31. exd5 Bxb1 32. Rxb1 Rxc3+ 33. Kf2 Rf8+ {Huerga Leache,M (2176)-Spoelman,W 
(2365)/Belfort 2005/CBM 107 ext/0-1 (41)}) 13... Qxf4+ 14. Kb1 Qc7 15. Nd4 Bb7)
13. Bxe5 Qxc3 14. Bxc3 Bb7 15. Be2 d5 16. e5 Nd7 17. f4 O-O 18. Bb4 Rfc8 19.
Ba5 Nc5 20. Bf3 Bc6 21. b3 Nb7 22. Bb6 Rab8 23. Kb2 Bd7 24. Ba7 Ra8 25. Bd4 a5
26. Rhf1 b4 {Cheparinov,I (2478)-Franklin,D/Dos Hermanas 2003/EXT 2004/1-0 (64)
}) 12... Qxc6 13. Bxe5 O-O $6 14. Bxf6 (14. Bd6 {[%csl Rc8,Gd6] RIBLI}) 14...
gxf6 15. e5 $1 fxe5 $2 (15... Kg7 $1 16. exf6+ (16. Bd3) (16. Re1 {[%cal Ge1e4,
Ge4g4]}) (16. Qf4 {[%cal Gf4f6]} Qxc3 {[%cal Gc3f6]} 17. Qxf6+ Kg8 18. Bd3 Qa3+
19. Kd2 (19. Kb1 Qb4+) 19... Qa5+ 20. Ke2 Qd8 21. Qh6 f5 22. exf6 Rf7 {[%cal
Gd8f6]}) 16... Kxf6 {[%cal Gf6e7,Ge7e8]}) 16. Qg5+ Kh8 17. Qf6+ Kg8 18. Bd3 (
18. Re1 $18 {[%cal Ge1e4,Ge4g4]}) 18... Qxc3 19. Rde1 $18 Bb7 20. Rxe5 Rfc8 21.
Bxh7+ Kf8 22. Bg6 Qa1+ 23. Kd2 Qd4+ 24. Ke2 Qxe5+ 25. Qxe5 fxg6 26. Qf6+ Ke8
27. c3 Rc5 28. Rd1 Rd5 29. Rxd5 Bxd5 30. h4 d6 31. Qxg6+ Kd7 32. h5 e5 33. h6
Rg8 34. Qh7+ Kc6 35. Kf2 Rf8 36. Qg7 Rg8 37. Qa7 e4 38. h7 Re8 39. Qxa6+ Kc5
40. Qa7+ Kc6 41. Qd4 exf3 42. gxf3 1-0

[Event "POL-chT 66th"]
[Site "Katowice"]
[Date "2010.09.05"]
[Round "2"]
[White "Krejci, Jan"]
[Black "Macieja, Bartlomiej"]
[Result "1/2-1/2"]
[WhiteElo "2454"]
[BlackElo "2649"]
[Annotator "RR"]
[PlyCount "45"]
[EventDate "2010.09.04"]
[EventType "team-tourn"]
[EventRounds "9"]
[EventCountry "POL"]
[SourceTitle "EXT 2016"]
[Source "ChessBase"]
[SourceDate "2015.10.08"]
[SourceVersion "1"]
[SourceVersionDate "2015.10.08"]
[SourceQuality "1"]
[WhiteTeam "Wroclaw"]
[BlackTeam "Wroclaw AZS WSB"]
[WhiteTeamCountry "POL"]
[BlackTeamCountry "POL"]

1. e4 c5 2. Nf3 Nc6 3. d4 cxd4 4. Nxd4 e6 5. Nc3 Qc7 6. Be2 (6. f4 Nxd4 7. Qxd4
a6 8. Be3 b5 9. Be2 Bb7 10. a3 Rc8 11. Bf3 h5 $1 12. h3 h4 13. O-O Nf6 14. e5
Nh5 15. Bxb7 Qxb7 16. Qd3 Ng3 17. Rfe1 Qc6 18. Bf2 Bc5 19. Rad1 Bxf2+ 20. Kxf2
Qc5+ 21. Qe3 Rh5 (21... a5) 22. Qxc5 Rxc5 23. Ne4 Rxc2+) (6. Be3 Nf6 7. Qd2
Nxd4 8. Bxd4 e5 9. Nb5 Qb8 10. Be3 a6 11. Nc3 Bb4 {Vallejo Pons,F (2708)
-Timofeev,A (2655) EU-ch 11th Rijeka 2010 (4) 1/2} (11... b5 $5 12. O-O-O Qc7
13. f3 Bb7 {Flear})) 6... a6 7. Be3 Nf6 8. a3 (8. O-O Bb4 9. Na4) 8... Be7 9.
f4 (9. O-O O-O 10. f4 d6 11. Kh1) 9... O-O 10. e5 {Un coup naturel mais qui
semble prématuré. Paradoxalement, le seul GMI ayant joué ce coup avec les
Blancs était .... MACIEJA!} (10. O-O $142 {Transpose dans une Sheveningen} d6
11. Kh1 Bd7 12. Qe1 b5 13. Qg3 {Boleslavsky,I-Kotov,A URS-ch12 Moscow 1940 (16)
1-0}) 10... Ne8 11. Qd2 d6 $146 (11... f6 12. exf6 Nxf6 {Macieja,B (2601)
-Ogaard,L (2403) Oslo Eikrem Memorial 2009 (9) 1/2}) 12. O-O-O $5 {Les Blancs
ont des compensations} dxe5 13. Nxc6 bxc6 14. fxe5 Qxe5 15. Bf4 Qa5 {[%csl Ra3]
} 16. Bf3 Bxa3 $1 17. bxa3 Qxa3+ 18. Kb1 e5 19. Bxe5 Qb4+ 20. Kc1 Qa3+ 21. Kb1
Qb4+ 22. Kc1 Qa3+ 23. Kb1 1/2-1/2

[Event "POL-chT 66th"]
[Site "Katowice"]
[Date "2010.09.08"]
[Round "5"]
[White "Dobrowolski, Piotr"]
[Black "Miton, Kamil"]
[Result "1-0"]
[WhiteElo "2399"]
[BlackElo "2629"]
[Annotator "RR"]
[PlyCount "101"]
[EventDate "2010.09.04"]
[EventType "team-tourn"]
[EventRounds "9"]
[EventCountry "POL"]
[SourceTitle "EXT 2016"]
[Source "ChessBase"]
[SourceDate "2015.10.08"]
[SourceVersion "1"]
[SourceVersionDate "2015.10.08"]
[SourceQuality "1"]
[WhiteTeam "Wroclaw AZS WSB"]
[BlackTeam "Katowice Szopienice"]
[WhiteTeamCountry "POL"]
[BlackTeamCountry "POL"]

1. e4 c5 2. Nf3 Nc6 3. d4 cxd4 4. Nxd4 e6 5. Nc3 Qc7 6. Be3 a6 7. Qd2 Nf6 8.
O-O-O Be7 (8... Bb4 9. f3 Ne7 10. Nde2 h6 11. a3 Ba5 12. b4 Bb6 13. Bxb6 Qxb6
14. Qd6 Qxd6 15. Rxd6 Nc6 16. Rd2 Ke7 17. Nd4 {1/2-1/2 (17) Inarkiev,E (2706)
-Dubov,D (2627) Moscow 2015}) 9. f3 h5 $5 {[%csl Gg4]} (9... b5 10. g4 Nxd4 $1
{La mode actuelle qui donne des bons résultats aux Noirs} 11. Qxd4 Bb7 12. g5
Nh5 13. Bh3 Rc8 14. Bg4 b4 15. Bxh5 bxc3 $132 {Rasik,V (2450)-Miton,K (2597)
SVK-chT 1314 2013 (6.2) 0-1}) 10. Kb1 (10. Nxc6 $5 bxc6 11. Bf4 $14 {Negi,P 
(2615)-Vachier Lagrave,M (2723) Biel GM 43rd 2010 (9) 1/2}) 10... b5 11. Nb3 (
11. Bd3 Bb7 12. Rhe1 Ne5) 11... Ne5 12. Qd4 Rb8 $146 (12... d6 13. Qb6 Qxb6 14.
Bxb6 b4 15. Ne2 O-O 16. Nf4 Bd7 17. Ba5 Nc6 18. Bc7 g5 19. Nh3 Ne8 20. Bb6 a5
21. Be3 f6 22. Nf2 Ng7 23. Bb5 Rfb8 24. Nd4 Rc8 25. Bxc6 Bxc6 26. Nxc6 Rxc6 27.
h4 gxh4 28. Rxh4 Rac8 29. Rd2 f5 30. Rh1 h4 31. Nh3 fxe4 32. fxe4 Rc4 33. Bg5
Bf8 34. Nf2 R8c5 35. Bxh4 Rh5 36. g4 Rh7 37. Rdd1 e5 38. Bf6 Ne6 39. g5 Rxh1
40. Rxh1 Bg7 41. Rd1 Nd4 42. Rd3 {Gatterer,F (2323)-Rotstein,A (2534) Austria
2009 1/2-1/2 (62)}) (12... Bb7 13. Bf4 d6) 13. Qa7 Qxa7 14. Bxa7 Ra8 15. Bc5 (
15. Bb6 $5 {[%csl Rd6][%cal Gb6c7]}) 15... Bxc5 16. Nxc5 Ke7 17. f4 Ng6 18. e5
$14 Ng4 19. Rd4 f6 20. exf6+ gxf6 21. Bd3 f5 22. Re1 $32 {[%csl Ra8,Rh8]} Kf6 (
22... Nxh2 23. Bxf5 {[%cal Ge1e7]}) 23. h3 Nh6 24. a4 $1 b4 25. Rxb4 d6 26. Nb3
a5 27. Rd4 Nf7 28. Nb5 Rd8 29. g3 Ne7 30. Be2 $36 {[%csl Ra5,Rd6,Re6] La
position Noire est déjà difficile} h4 31. g4 fxg4 32. hxg4 e5 33. fxe5+ dxe5
34. Rf1+ Kg5 35. Re4 (35. Rxf7 exd4 36. Rxe7 $40) 35... Bb7 36. Re3 $6 Nd5 $132
37. Rxf7 Nxe3 38. Rxb7 h3 {[%csl Gh3]} 39. Bf3 Rf8 40. Be4 Kf4 (40... Rf4 41.
Rg7+) 41. Nc5 Kg3 42. Nd6 Rab8 $1 {Le P passé serait très dangereux après
l'échange d'une R} 43. Nf5+ $6 (43. Rh7 Rh8) 43... Nxf5 44. Rxb8 Rxb8 $17 {
[%csl Gb8]} 45. gxf5 h2 (45... Kf4 {[%cal Gb8c8]} 46. f6 Rf8 (46... Rc8 47. Bb7
)) 46. f6 Kf4 47. Bh1 Rc8 $2 {Bizarrement, le zeitnot était passé mais les
Noirs craquent alors qu'ils avaient réussi à rétablir une position
inférieure.} 48. f7 e4 49. Ne6+ Kg3 50. Bxe4 Rc4 51. Bd5 1-0

[Event "POL-chT 66th"]
[Site "Katowice"]
[Date "2010.09.10"]
[Round "7"]
[White "Balogh, Csaba"]
[Black "Gajewski, Grzegorz"]
[Result "1/2-1/2"]
[WhiteElo "2608"]
[BlackElo "2568"]
[Annotator "RR"]
[PlyCount "162"]
[EventDate "2010.09.04"]
[EventType "team-tourn"]
[EventRounds "9"]
[EventCountry "POL"]
[SourceTitle "EXT 2016"]
[Source "ChessBase"]
[SourceDate "2015.10.08"]
[SourceVersion "1"]
[SourceVersionDate "2015.10.08"]
[SourceQuality "1"]
[WhiteTeam "Wroclaw Polonia"]
[BlackTeam "Lublin"]
[WhiteTeamCountry "POL"]
[BlackTeamCountry "POL"]

1. e4 c5 2. Nf3 e6 3. d4 cxd4 4. Nxd4 Nc6 5. Nc3 Qc7 6. Be3 a6 7. Qd2 Nf6 8.
O-O-O Nxd4 (8... Bb4 9. f3 Ne7 (9... Ne5 10. Nb3 b5 11. Qd4 Be7 12. Be2 Bb7 13.
g4 $36) 10. Nde2 h6 11. a3 Ba5 12. b4 Bb6 13. Bxb6 Qxb6 14. Qd6 Qxd6 15. Rxd6
Nc6 16. Rd2 Ke7 17. Nd4 {1/2-1/2 (17) Inarkiev,E (2706)-Dubov,D (2627) Moscow
2015}) (8... Be7 9. f3 d6 10. g4) 9. Qxd4 Ng4 10. Qb6 Qc6 11. Bd4 e5 {Il n'est
pas facile pour les Blancs de tenter de profiter de l'affaiblissement de la
case "d5"} 12. Be3 Be7 13. Nd5 (13. Be2) (13. h3 Nxe3 14. Qxe3 d6 15. g3 Qc5 $1
$11 {Robson,R (2598)-Macieja,B (2594) Istanbul ol (Men) 40th 2012 (11.4) 1-0})
13... Bd8 $1 14. Qb4 (14. Qb3 Nxe3 15. Qxe3 {Edouard,R (2625)-Kulaots,K (2574)
FRA-chT Top 12 2012 (4.4) 0-1}) 14... Nxe3 15. Nxe3 Be7 {[%cal Ge8g8]} 16. Qb3
(16. Qc4 b5 17. Qd5 Qxd5 18. Nxd5 Rb8 19. b4 Bb7 20. c3 h5 21. Be2 Rh6 22. Kb2
Rc8 23. a3 Rg6 24. Bf3 h4 25. h3 Rd6 26. Ne3 g6 27. Rxd6 Bxd6 28. Rd1 Ke7 29.
Nd5+ Bxd5 30. Rxd5 f5 31. Rd2 Rb8 32. Kb3 Bc7 33. Bd1 d6 34. Bc2 Kf6 35. a4
bxa4+ 36. Kxa4 Kg5 37. Bb3 Kf4 38. Bd5 Bb6 39. exf5 gxf5 40. Bc4 a5 41. bxa5
Bc5 42. Bb5 e4 43. a6 Rg8 44. Bf1 Rb8 45. Bb5 Rg8 {Golub,D (2305)-Matsenko,S 
(2485) Legnica 2013 1/2-1/2}) 16... O-O 17. Nd5 Bd8 18. Kb1 d6 $11 {[%csl Gc8,
Gd8]} 19. Bc4 Qc5 {[%cal Gb7b5]} (19... b5 {Prématuré} 20. Nf6+ Bxf6 21. Bd5
{[%csl Ra8,Rc6]}) 20. Ne3 b5 21. Bd5 Rb8 22. Qd3 a5 23. a3 Bd7 {[%cal Gb5b4]} (
23... b4 $143 24. a4) 24. Bb3 $1 {Un coup multifonction qui gagne un tempo
important tout en parant indirectement la menace de rupture b5b4} Bc7 25. Nd5
Bd8 26. Ne3 Bc7 27. Nd5 Bd8 {Une répétition de coups pour gagner du temps
avec l'incrément} 28. Qe3 Rc8 29. Qxc5 Rxc5 (29... dxc5 $143 30. Ne7+ Bxe7 31.
Rxd7 $14 {[%csl Gd7]}) 30. Rd3 g6 31. Rhd1 Kg7 32. Nc3 Be7 33. Nd5 Bd8 34. Nc3
Be7 35. Rd5 Rfc8 36. Rxc5 Rxc5 37. Nd5 Bd8 38. Ne3 Be7 39. Nd5 Bd8 40. Ne3 Be7
41. c3 f5 42. Bc2 f4 43. Nd5 Bd8 44. b4 Rc8 45. Kb2 g5 46. Bd3 g4 47. Bf1 Kf7
48. g3 Bc6 49. Be2 f3 50. Bf1 h5 51. h3 Ke6 52. Kb3 Rb8 53. Rd2 axb4 54. axb4
Bb6 (54... Ra8) 55. hxg4 hxg4 56. Nxb6 Rxb6 57. c4 $1 Bxe4 58. c5 dxc5 59. bxc5
Rc6 60. Kb4 $36 Bd5 61. Bxb5 Rc7 62. Bc4 Rb7+ 63. Kc3 Bxc4 64. Kxc4 {[%csl Gc5]
} Rb1 65. c6 (65. Rc2 Kd7 66. Kd5) 65... Rc1+ 66. Kb5 e4 67. Kb6 Ke5 68. c7 e3
$3 {Le coup qui sauve la nulle malgré le fort P"c7"} 69. fxe3 Ke4 70. Rd4+
Kxe3 71. Rxg4 f2 72. Rf4 Rb1+ 73. Ka7 Rc1 74. Kb7 Rb1+ 75. Kc6 f1=Q 76. Rxf1
Rxf1 77. c8=Q Rc1+ 78. Kd7 Rxc8 79. Kxc8 Kf3 80. g4 Kf4 81. g5 Kxg5 1/2-1/2

[Event "Poikovsky Karpov 02nd"]
[Site "Poikovsky"]
[Date "2001.05.09"]
[Round "9"]
[White "Mitkov, Nikola"]
[Black "Rublevsky, Sergei"]
[Result "1/2-1/2"]
[WhiteElo "2578"]
[BlackElo "2657"]
[Annotator "Ribli,Z"]
[PlyCount "49"]
[EventDate "2001.05.05"]
[EventType "tourn"]
[EventRounds "9"]
[EventCountry "RUS"]
[EventCategory "15"]
[SourceTitle "CBM 084"]
[Source "ChessBase"]
[SourceDate "2001.09.13"]
[SourceVersion "1"]
[SourceVersionDate "2001.09.13"]
[SourceQuality "1"]

1. e4 c5 2. Nc3 e6 3. Nf3 a6 4. d4 cxd4 5. Nxd4 Qc7 6. Bd3 Nc6 7. Be3 (7. Nxc6)
7... Nf6 8. O-O b5 {GM Rublevsky umgeht gegen Mitkov die Variante 8...Ne5. Das
ist verständlich. Denn in der Partie Mitkov,N - Rublevsky,S Neum 2000 spielte
Weiß nach 8...Ne5 9.h3 Bc5 10.Kh1 d6 12.f4 Ng6 13.f5 Ne5 14.Qh4 Bd7 die -
natürlich vorbereitete - Neuerung 15.Rf3! und gewann in einer schönen Partie.
Der Textzug stellt eine sichere Alternative für Schwarz dar.} 9. Nxc6 (9. Nb3)
(9. Kh1) (9. Re1) (9. a3) 9... Qxc6 {In der Variante 8...b5 ist die Dame eine
Schlüsselfigur auf c6 - in der Folge entwickelt Schwarz durch 9...Bb7 Druck
auf der großen Diagonale.} 10. a3 Bb7 11. Re1 (11. f4 Bc5 $11) 11... Bd6 $1 {
[%cal Gd6e5,Ge5a1] Schwarz möchte 12...Be5 ziehen und 12.f4 provozieren.} (
11... Be7 12. Qf3 d6 13. Qh3 (13. Rad1 Qc7 14. Qh3 Rd8 15. f4 O-O $11 {1/2-1/2
Ponomariov,R-Emms,J/Hastings 1999/CBM 69/[Ribli] (72)}) 13... Nd7 (13... Qc7
14. Bd4 e5 15. Be3 O-O 16. Bg5 Ne8 17. Bxe7 Qxe7 18. Qe3 Nf6 19. Rad1 Rac8 20.
Rd2 Rc5 21. Red1 Rfc8 22. f3 g6 23. a4 {1/2-1/2 Nedev,T-Spraggett,K/Istanbul
2000/EXT 2001 (97)}) 14. Bd4 Bf6 15. Bxf6 Nxf6 16. e5 dxe5 17. Rxe5 O-O-O {
1/2-1/2 Golubev,M-Srokowski,J/GER 1997/EXT 2000 (26)}) 12. Bd4 (12. f4 e5 13.
f5 Bc5 $15) 12... e5 13. Be3 Bc5 {Damit bereitet Schwarz den Abtausch der
schwarzfeldrigen Läufer vor. Das ist unter strategischem Gesichtspunkt gut,
weil der andere weiße Läufer passiv auf d3 steht.} 14. Qf3 Bxe3 15. Rxe3 Qc5 {
Schwarz muss so spielen, sonst kann sich Weiß mit 16.Nd5 Vorteil verschaffen.}
(15... O-O $2 16. Nd5 $16 {[%csl Gd5]}) 16. Qg3 $146 (16. Qf5 Kf8 (16... O-O
17. Nd5 Bxd5 18. exd5 Rae8 (18... d6 $2 19. Rg3 Kh8 20. Rxg7 Kxg7 21. Qg5+ Kh8
22. Qxf6+ Kg8 23. Qg5+ Kh8 24. Qf5 $18) 19. Rae1 $14) 17. Rg3 h6 $11 18. h4 d6
19. h5 Rg8 20. Re1 Re8 21. Qf3 Ke7 22. Nd1 Bc8 23. Ne3 Be6 24. Nf5+ Bxf5 25.
Qxf5 Rb8 26. c3 {1/2-1/2 Macieja,B-Anand,V/New Delhi IND 2000/[Ribli Zoltan] 
(26)}) 16... O-O 17. Qh4 {Weiß übt positionellen Druck am Königsflügel aus,
aber es sind kaum konkrete Drohungen auszumachen.} h6 $1 $11 {[%mdl 4] Ein
ausgezeichneter prophylaktischer Zug - Schwarz verteidigt sich gegen Drohungen
auf h7 und bereitet den Verteidigungszug Nh7 vor.} 18. Ne2 {[%cal Ge2g3,Gg3f5]}
(18. Rf3 Nh7 $11) 18... d6 19. Ng3 Bc8 $1 {[%cal Gc8f5] Schwarz kann nun nach
20.Nf5 Bxf5 spielen. Der Läufer steht auf c8 besser als auf b7.} 20. Rf3 Nh7 {
[%cal Gh7g5,Gg5f3][%mdl 256]} 21. Nh5 (21. Nf5 Bxf5 22. Rxf5 Qd4 23. Rb1 Ng5
$15 {[%csl Rf5]}) 21... Qb6 {[%cal Gb6d8,Gd8h4] Schwarz bereitet 22...Qd8 vor.}
(21... Ng5 $5) 22. Rg3 g6 (22... Ng5 23. Rxg5 hxg5 24. Qxg5 g6 25. Qf6 gxh5 26.
Qg5+ $11) 23. Nf6+ Nxf6 24. Qxf6 Qd8 25. Rxg6+ {Dieser Zug führt zu
Dauerschach, aber Weiß hat hier nichts besseres.} (25. Rxg6+ fxg6 26. Qxg6+ Kh8
27. Qxh6+ Kg8 28. Qg6+ $11) (25. Qxd8 Rxd8 $11) 1/2-1/2